Entrada Término temático
Número de registros utilizados en: 1
001 - NÚMERO DE CONTROL
003 - IDENTIFICADOR DEL NÚMERO DE CONTROL
- campo de control:
DR-UNIBE
005 - FECHA Y HORA DE LA ÚLTIMA TRANSACCIÓN
- campo de control:
20250717141253.0
008 - DATOS DE LONGITUD FIJA
- campo de control de longitud fija:
250717|| aca||aabn | a|a d
040 ## - FUENTE DE LA CATALOGACIÓN
- Centro catalogador/agencia de origen:
DR-UNIBE
- Centro/agencia transcriptor:
DR-UNIBE
650 ## -
- :
Bienes raíces
- :
Aspectos jurídicos
- :
República Dominicana
670 ## - FUENTE DE DATOS ENCONTRADOS
- Cita de la fuente:
Work cat.: (DR-UNIBE)113892: Monción, Segundo E., 1966- autor 197429, La litis, los incidentes y la demanda en referimiento en la jurisdicción inmobiliaria :, 2010